| 000 | 00434nam a2200157Ia 4500 | ||
|---|---|---|---|
| 008 | 240729s9999 xx 000 0 und d | ||
| 022 | _a2373-5481 | ||
| 245 | 0 | _aAge, Culture, Humanities | |
| 260 | _aDenmark | ||
| 260 | _bRoyal Danish Library | ||
| 650 | _a Arts in general | Language and Literature | ||
| 650 | _aFine Arts | ||
| 856 | _uhttps://doaj.org/toc/c3dd5a7a66334def90893f98f1fec8ee | ||
| 942 | _2ddc | ||
| 942 | _cDOAJEJ | ||
| 999 |
_c72838 _d72838 |
||
| 945 |
_a1 _bMadushi Gamage _c1 _dMadushi Gamage |
||